World Cup 2014 - Brazil's Squad - Statistics

General Stats
  • This quiz has been taken 323 times
  • The average score is 15 of 23
Answer Stats
Number Post Player Club % Correct
10 ST Neymar FC Barcelona
97%
3 DF Thiago Silva Paris-SG
93%
4 DF David Luiz Chelsea FC
91%
2 DF Daniel Alvès FC Barcelona
90%
5 MF Fernandinho Manchester City
88%
19 W Hulk Zenith St Petersburg
88%
11 MF Oscar Chelsea FC
87%
6 DF Marcelo Real Madrid
86%
12 GK Julio Cesar Toronto FC
83%
22 W Willian Chelsea FC
83%
9 ST Fred Fluminense FC
80%
14 DF Dante Bayern Munich
76%
7 MF Ramires Chelsea FC
66%
17 MF Luiz Gustavo VfL Wolfsburg
60%
18 MF Paulinho Tottenham Hotspur
60%
16 DF Maxwell Paris-SG
57%
13 DF Maicon AS Roma
54%
20 MF Bernard Shakhtar Donetsk
45%
21 ST Atletico Mineiro
44%
8 MF Hernanes Inter Milan
33%
1 GK Jefferson Botafogo
30%
23 GK Victor Atletico Mineiro
18%
15 DF Henrique SSC Napoli
16%
No matching quizzes found
Score Distribution
Percent of People with Each Score
Percentile by Number Answered
Your Score History
You have not taken this quiz